000 00349nam a2200121Ia 4500
005 20251222154343.0
008 251222s9999||||xx |||||||||||||| ||spa||
020 _a84-500-9987-0
082 _a750.98/A69
100 _a"Arencibia, Luis, coor."
245 0 _aEstampas de la calcografía nacional: La colección real de pintura 1791/1798
942 _cLIB
999 _c34591
_d34591